Statistics for Most Densely Populated Cities

Click here to take the quiz!

General Stats

  • This quiz has been taken 257 times
  • The average score is 24 of 50

Answer Stats

HintCity% Correct
4,750Tokyo/Yokohama
88%
11,500Beijing
87%
13,400Shanghai
85%
5,100London
83%
29,650Mumbai
80%
6,850Rio de Janeiro
71%
9,000Sao Paulo
70%
8,350Singapore
69%
11,050Delhi
69%
6,400Osaka/Kobe/Kyoto
69%
10,500Jakarta
67%
23,900Kolkata
67%
8,400Mexico City
66%
9,400Cairo
66%
16,750Seoul/Incheon
63%
4,900Moscow
63%
6,450Bangkok
62%
10,550Manila
62%
7,700Istanbul
59%
4,950Buenos Aires
58%
18,150Lagos
56%
18,900Karachi
54%
5,200Madrid
51%
14,350Chennai
50%
11,750Lima
48%
13,500Bogota
47%
15,200Taipei
47%
10,100Bangalore
46%
9,100Hyderabad
43%
8,400Santiago
42%
8,200Lahore
42%
10,550Tehran
42%
9,450Ho Chi Minh City
40%
4,850Barcelona
39%
9,250Baghdad
35%
17,150Shenzhen
32%
10,650Kinshasa
30%
10,500Tianjin
30%
5,400Athens
28%
5,300Ankara
23%
8,550St. Petersburg
22%
5,050Tel Aviv
20%
5,900Guadalajara
19%
5,000Sapporo
19%
6,850Khartoum
15%
6,700Monterrey
13%
9,250Shenyang
13%
8,050Recife
12%
4,800Porto Alegre
8%
7,100Dalian
6%

Score Distribution

Percentile by Number Answered

Percent of People with Each Score

Your Score History

You have not taken this quiz